| Tag |
First Indicator |
Second Indicator |
Subfields |
| LEADER |
00000cas a2200000 4500 |
| 001 |
in00000038059 |
| 005 |
20151007080812.0 |
| 008 |
800424c19729999oruuu m 1uuua0eng d |
| 035 |
|
|
|a (OCoLC)06240456
|
| 035 |
|
|
|9 AAF5402AM
|
| 040 |
|
|
|c TXA
|d UtOrBLW
|
| 049 |
|
|
|a TXAE
|
| 090 |
|
|
|a SD144.A13
|b C87
|
| 111 |
2 |
|
|a Current Issues Conference.
|
| 245 |
1 |
0 |
|a Proceedings.
|
| 264 |
|
1 |
|a Eugene, Ore :
|b Forest Industries Management Center, University of Oregon.
|
| 300 |
|
|
|a volumes :
|b illustrations
|
| 336 |
|
|
|a text
|b txt
|2 rdacontent
|
| 337 |
|
|
|a unmediated
|b n
|2 rdamedia
|
| 338 |
|
|
|a volume
|b nc
|2 rdacarrier
|
| 362 |
0 |
|
|a 1st- March 1972-
|
| 500 |
|
|
|a Each issue has a distinctive title.
|
| 500 |
|
|
|a Editor: 1972- Stuart U. Rich.
|
| 650 |
|
0 |
|a Forests and forestry
|x Economic aspects
|z Northwest, Pacific
|x Congresses.
|
| 650 |
|
0 |
|a Forest conservation
|z Northwest, Pacific
|x Congresses.
|
| 650 |
|
0 |
|a Timber
|z Northwest, Pacific
|x Congresses.
|
| 610 |
1 |
0 |
|a United States.
|b Forest Service
|x Congresses.
|
| 700 |
1 |
|
|a Rich, Stuart U.
|
| 710 |
1 |
|
|a University of Oregon.
|b Forest Industries Management Center.
|
| 999 |
|
|
|a MARS
|
| 999 |
f |
f |
|s 45a59327-624f-3fae-a7fd-8b500b380f9d
|i fd9765cb-f5fd-3efb-ac2e-c581eac8074f
|t 0
|
| 952 |
f |
f |
|p ric
|a Texas A&M University
|b Rellis Campus
|c Joint Library Facility
|d Remote Storage
|t 0
|e SD144.A13 C87
|h Library of Congress classification
|i unmediated -- volume
|k 3rd
|l 1974
|m A14810787481
|
| 952 |
f |
f |
|p ric
|a Texas A&M University
|b Rellis Campus
|c Joint Library Facility
|d Remote Storage
|t 0
|e SD144.A13 C87
|h Library of Congress classification
|i unmediated -- volume
|k 4th
|l 1975
|m A14808823344
|
| 952 |
f |
f |
|p ric
|a Texas A&M University
|b Rellis Campus
|c Joint Library Facility
|d Remote Storage
|t 0
|e SD144.A13 C87
|h Library of Congress classification
|i unmediated -- volume
|k 2nd
|l 1973
|m A14851986258
|
| 998 |
f |
f |
|a SD144.A13 C87
|s 1st (1972)-4th (1975)
|t 0
|l Remote Storage
|